<The> Economics of Universal Primary Education <The> Balance of Investment and Yield

Salvato in:
Dettagli Bibliografici
Autore principale: Tisdell, Clem
Natura: Libro
Lingua:inglese
Pubblicazione: Brisbane The University of Queensland 1996
Edizione:1. ed.
Serie:Discussion Paper No. 193
Soggetti:
Tags: Aggiungi Tag
Nessun Tag, puoi essere il primo ad aggiungerne!!

MARC

LEADER 00000nam a2200000 4500
001 c019231
005 20221221082140.0
041 0 |a eng 
044 |a AU 
245 1 0 |a <The> Economics of Universal Primary Education  |b <The> Balance of Investment and Yield  |c Clem Tisdell 
250 |a 1. ed. 
264 1 |a Brisbane  |b The University of Queensland  |c 1996 
300 |a 17 s. 
490 1 |a Discussion Paper  |v No. 193 
830 0 |a Discussion Paper  |v No. 193 
610 2 0 |a vzdelanie 
610 2 0 |a školstvo 
610 2 0 |a školy základné 
610 2 0 |a investície 
610 2 0 |a investície verejné 
610 2 0 |a návratnosť investícií 
100 1 |a Tisdell, Clem